| 000 | 01691nam0a2200349 4500 | ||
|---|---|---|---|
| 001 | RU\NLR\bibl\1453003 | ||
| 005 | 20250615232534.0 | ||
| 010 |
_a978-5-9912-0091-2 _91000 |
||
| 021 |
_aRU _b2009-88247 _95556 |
||
| 035 | _a(nilc)RSL-KNO-004406232 | ||
| 035 | _a(NLR Aleph) 001444812 | ||
| 090 |
_a1485795 _c1485795 |
||
| 100 | _a20091027d2009 |||y0rusy50 ca | ||
| 101 | 0 | _arus | |
| 102 | _aRU | ||
| 105 | _aa ||||||||| | ||
| 200 | 1 |
_aAutodesk Inventor в курсе инженерной графики _eучебное пособие для студентов высших учебных заведений, обучающихся по техническим специальностям _fВ. Н. Гузненков, С. Г. Демидов |
|
| 210 |
_aМосква _cГорячая линия-Телеком _d2009 _eМ. _gООО "Принтберри" |
||
| 215 |
_a144 с. _cил. _d21 |
||
| 225 | 1 |
_aУчебное пособие для высших учебных заведений _iСпециальность |
|
| 606 | 1 |
_aAUTODESK INVENTOR, система автоматизированного проектирования _jУчебные издания для высших учебных заведений _92264731 _3RU\NLR\auth\661357690 |
|
| 686 |
_aЖ11-5-05я73-1 _2rubbk |
||
| 686 | _aЖ2-5-05я73-1 | ||
| 700 | 1 |
_aГузненков _bВ. Н. _gВладимир Николаевич _4070 |
|
| 701 | 1 |
_aДемидов _bС. Г. _gСергей Геннадьевич _4070 |
|
| 801 | 0 |
_aRU _bРГБ _c20091027 _grcr |
|
| 801 | 1 |
_aRU _bРГБ _c20091027 |
|
| 801 | 2 |
_aRU _bNLR _c20091216 _grcr |
|
| 830 | _aавт. по кн. | ||
| 942 | _cBOOK | ||
| 980 | _aNB | ||